000 00381cam a2200157ua 4500
041 _aeng
_h
082 _a828.09
_bDUF/TH
100 _aDuffin, H C .
245 _aThomas Hardy /
_cH C Duffin.
_hTextual Documents
250 _a3 /
_b.
260 _aManchester :
_bManchestre University Press ,
_c1967.
300 _a356 ; .
504 _a
942 _cBK
999 _c6647
_d6647